000 00584nam a2200217Ia 4500
003 OSt
005 20220926005536.0
006 a|||||r|||| 00| 0
007 ta
008 220923b |||||||| |||| 00| 0 hin d
037 _cGeneral Book
040 _aRTL
_cRTL
_bhin
041 _2hin
_ahin
082 _aY.2.N7, L8
100 _aChekki D A
_9122720
245 0 _aSociology of contemporary India
260 _a New Delhi
_bSterling Publishers
_c1978
300 _axii, 216p
_ccm.
942 _hY.2.N7, L8
_cGB
_2CC
999 _c614195
_d614195